000
00211 a2200097 4500
003
Nust
005
20170207154009.0
040
_c
Nust
245
_a
Microsoft Win32 Internet Functions Overview (E-Book)
300
_a
244 P;
651
_a
(E-Book)
999
_c
191142
_d
191142